| 000 | 00411nam a2200145Ia 4500 | ||
|---|---|---|---|
| 008 | 240729s9999 xx 000 0 und d | ||
| 022 | _a2536-9784 | ||
| 245 | 0 | _aAlexandria Science Exchange Journal | |
| 260 | _aEgypt | ||
| 260 | _bProf. Balba Society For Soil & Water Research | ||
| 650 | _aAgriculture | ||
| 856 | _uhttps://doaj.org/toc/1ed595afe9564b79a76418e8e70671b8 | ||
| 942 | _2ddc | ||
| 942 | _cDOAJEJ | ||
| 999 |
_c69974 _d69974 |
||
| 945 |
_a1 _bMadushi Gamage _c1 _dMadushi Gamage |
||